000 00437nam a2200157Ia 4500
008 221030s9999 xx 000 0 und d
020 _a0071005714
041 _aEnglish
082 _a105.23
_bPar
100 _aS. P. Parker
245 0 _aMcGraw Hill Dictionary of Electrical & Electronic Engineering (International Edition)
_cby S. P. Parker
260 _bTMH
_aNew Delhi
_c1984
300 _a488
650 _aDictionary
942 _cBK
999 _c7801
_d7801